00258nam a2200109Ia 4500008004100000100002100041245003300062260000900095650002000104942000700124999001700131190216s9999||||xx |||||||||||||| ||und|| aBalakrishnan P K 0aKavyakala Kumaranashaniloode bNull aEssay Malayalam cBK c25370d25370